|
|
|
|
| LEADER |
02062nas a2200505 a 4500 |
| 001 |
c000152905 |
| 003 |
CARM |
| 005 |
20020205155247.0 |
| 008 |
741224c19049999fr qr p 0uuub0fre d |
| 010 |
|
|
|a 21001949
|
| 019 |
1 |
|
|a 965416
|z 4311307
|z 7244534
|5 LACONCORD2021
|
| 022 |
|
|
|a 0021-7956
|
| 030 |
|
|
|a JPNPAA
|
| 035 |
|
|
|a (OCoLC)1782269
|5 LACONCORD2021
|
| 040 |
|
|
|d OCoLC
|d OCoLC
|d NST
|d InU
|d NU
|
| 042 |
|
|
|a lc
|
| 050 |
|
|
|a BF2
|b .J6
|
| 060 |
|
|
|a W1 JO335
|
| 210 |
0 |
|
|a J. psychol. norm. pathol.
|
| 222 |
0 |
0 |
|a Journal de psychologie normale et pathologique
|
| 245 |
0 |
0 |
|a Journal de psychologie normale et pathologique.
|
| 246 |
1 |
8 |
|a Journal de psychologie
|
| 260 |
0 |
0 |
|a Paris :
|b Alcan,
|c 1904-
|
| 300 |
|
|
|a v.
|b ill.
|c 25 cm.
|
| 310 |
|
|
|a Quarterly
|
| 362 |
1 |
|
|a Began in 1904.
|
| 500 |
|
|
|a Imprint varies
|
| 510 |
2 |
|
|a MLA international bibliography of books and articles on the modern languages and literatures (Complete edition)
|x 0024-8215
|
| 510 |
2 |
|
|a Excerpta medica
|
| 510 |
2 |
|
|a Psychological abstracts
|x 0033-2887
|b 1926-
|
| 515 |
|
|
|a Suspended publication, 1984-85.
|
| 570 |
|
|
|a Editors: 1904- P. Janet, G. Dumas.
|
| 650 |
|
0 |
|a Psychology
|x Periodicals.
|
| 700 |
1 |
1 |
|a Janet, Pierre,
|d 1859-1947.
|e ed.
|
| 700 |
1 |
1 |
|a Dumas, Georges,
|d 1866-1946.
|e ed.
|
| 852 |
8 |
|
|b CARM
|h A2:AJ37D0
|i C04745
|p 0130811
|f SE
|
| 852 |
8 |
|
|b CARM
|h A2:AH06B0
|i B04029
|p 0130841
|f SE
|
| 852 |
8 |
|
|b CARM
|h A2:AH06B0
|i B04031
|p 0130842
|f SE
|
| 866 |
|
0 |
|a 62(1965)-80(1983)
|
| 866 |
|
0 |
|a 62(1965)-80(1983)
|
| 265 |
|
|
|a Presses universitaires de France, 108, Boulevard Saint-Germain, Paris
|
| 999 |
f |
f |
|i 00b9f4b7-c6ab-5455-9cf8-57b1329b1698
|s 3ef05a03-87bb-52da-8b3e-e1a9dac2c9b9
|
| 952 |
f |
f |
|p Can circulate
|a CAVAL
|b CAVAL
|c CAVAL
|d CARM 1 Store
|e B04029
|f A2:AH06B0
|h Other scheme
|i book
|k 75(1978)-79(1982)
|m 0130841
|
| 952 |
f |
f |
|p Can circulate
|a CAVAL
|b CAVAL
|c CAVAL
|d CARM 1 Store
|e B04031
|f A2:AH06B0
|h Other scheme
|i book
|k 80(1983)
|m 0130842
|
| 952 |
f |
f |
|p Can circulate
|a CAVAL
|b CAVAL
|c CAVAL
|d CARM 1 Store
|e C04745
|f A2:AJ37D0
|h Other scheme
|i book
|k 62(1965)-74(1977)
|m 0130811
|